000 01342cam a2200325 i 4500
999 _c529353
_d529353
001 1778247
003 NUST
005 20190924150823.0
008 780331s1977 dcua b f000 0 eng
010 _a 77093719
020 _a030902546X :
_c$4.80
038 _aMSOHAIL
040 _aDLC
_cDLC
_dDLC
050 0 0 _aTE278
_b.N38 1977a
082 0 0 _a625.84
110 2 _aNational Research Council (U.S.).
_bTransportation Research Board.
_919676
245 1 0 _aConsolidation of concrete for pavements, bridge decks, and overlays :
_bresearch /
_csponsored by the American Association of State Highway and Transportation Officials, in cooperation with the Federal Highway Administration.
260 _aWashington :
_bTransportation Research Board, National Research Council,
_c1977.
300 _a61 p. :
_bill. ;
_c28 cm.
440 0 _aSynthesis of highway practice ;
_v44
_921261
504 _aIncludes bibliographical references.
650 0 _aPavements, Concrete.
_920053
650 0 _aBridges
_xFloors.
_921262
650 0 _aVibrated concrete.
_921263
650 0 _aVibratory compacting.
_913081
710 2 _aAmerican Association of State Highway and Transportation Officials.
_919553
710 1 _aUnited States.
_bFederal Highway Administration.
_920149
906 _a7
_bcbc
_corignew
_d2
_eopcn
_f19
_gy-gencatlg
942 _2ddc
_cBK